| 000 | 00414nam a2200157Ia 4500 | ||
|---|---|---|---|
| 008 | 230917s9999||||xx |||||||||||||| ||und|| | ||
| 040 |
_e198950 _aMAIN |
||
| 041 | _aEnglish | ||
| 082 | _a300.72 C865D(2) | ||
| 100 | _aCreswell, John W | ||
| 245 | 0 | _aDesiging and conducting mixed methods research | |
| 250 | _a2nd ed. | ||
| 260 |
_aLos Angels _bSage Publications _c2011 |
||
| 300 | _axxv, 457 p. | ||
| 942 | _cBK | ||
| 999 |
_c164676 _d164676 |
||